Pragati's mobile computing : (Record no. 13763)
[ view plain ]
| 000 -LEADER | |
|---|---|
| fixed length control field | 00980nam a22002657a 4500 |
| 005 - DATE AND TIME OF LATEST TRANSACTION | |
| control field | 20080617170539.0 |
| 008 - FIXED-LENGTH DATA ELEMENTS--GENERAL INFORMATION | |
| fixed length control field | 080617t xxu||||| |||| 00| 0 eng d |
| 010 ## - LIBRARY OF CONGRESS CONTROL NUMBER | |
| LC control number | ENG-90350 |
| 020 ## - INTERNATIONAL STANDARD BOOK NUMBER | |
| Terms of availability | 165.00 |
| International Standard Book Number | 8183988645 |
| 035 ## - SYSTEM CONTROL NUMBER | |
| System control number | EN-73883 |
| 037 ## - SOURCE OF ACQUISITION | |
| Source of stock number/acquisition | DBAD / PUB |
| 040 ## - CATALOGING SOURCE | |
| Original cataloging agency | DPL |
| Language of cataloging | EN |
| 082 ## - DEWEY DECIMAL CLASSIFICATION NUMBER | |
| Classification number | 004.6 |
| 100 ## - MAIN ENTRY--PERSONAL NAME | |
| Personal name | Jain, Sarika |
| 245 ## - TITLE STATEMENT | |
| Title | Pragati's mobile computing : |
| Statement of responsibility, etc | by Sarika Jain, Sachin Srivastava [and] C. Pushpanjali |
| Remainder of title | (for MCA - V semester C.C.S. University and U.P.T.U. syllabus) |
| 260 ## - PUBLICATION, DISTRIBUTION, ETC. (IMPRINT) | |
| Place of publication, distribution, etc | Meerut |
| Name of publisher, distributor, etc | Pragati Prakashan |
| Date of publication, distribution, etc | 2008 |
| 270 ## - ADDRESS | |
| Address | Pragati Bhawan, 240, W.K, Road, |
| City | Meerut |
| Postal code | 250001 |
| 300 ## - PHYSICAL DESCRIPTION | |
| Extent | xvi, 302p. |
| Dimensions | 26 cm (pbk) |
| 490 ## - SERIES STATEMENT | |
| Series statement | |
| 500 ## - GENERAL NOTE | |
| General note | |
| 700 ## - ADDED ENTRY--PERSONAL NAME | |
| Personal name | Srivastava , Sachin |
| 700 ## - ADDED ENTRY--PERSONAL NAME | |
| Personal name | Pushpanjali, C. |
| 942 ## - ADDED ENTRY ELEMENTS (KOHA) | |
| Koha item type | English Books |
| Classification part | 004.6 |
| Source of classification or shelving scheme | Dewey Decimal Classification |
| Call number suffix | JAI |
| Withdrawn status | Lost status | Damaged status | Not for loan | Collection code | Home library | Current library | Date acquired | Source of acquisition | Cost, normal purchase price | Total Checkouts | Full call number | Barcode | Date last seen | Copy number | Cost, replacement price | Price effective from | Koha item type |
|---|---|---|---|---|---|---|---|---|---|---|---|---|---|---|---|---|---|
| Not For Loan | Non-fiction | D.B.Act.Division | D.B.Act.Division | 17/06/2008 | DBAD / PUB | 165.00 | 004.6 JAI | EN-73883 | 15/09/2008 | 1 | 165.00 | 15/09/2008 | English Books |
